PC/MS-DOS: Referencia Instantánea
| Main Authors: | , |
|---|---|
| Format: | Section = Libro |
| Language: | Undetermined Spanish |
| Published: |
Mexico
Macrobit
1989
|
| Subjects: |
| LEADER | 00503nam a2200193Ia 4500 | ||
|---|---|---|---|
| 008 | 240830s9999 xx 000 0 und d | ||
| 020 | |a 970-604-004-8 | ||
| 040 | |a B-ESTELÍ- RUACS / 001.424 H341 | ||
| 041 | |a spa | ||
| 082 | |a 001.424 H341 | ||
| 100 | 1 | |a H arvev, Greg | |
| 100 | 1 | |b Nelson, Yarboroogh Kay | |
| 245 | 1 | 0 | |a PC/MS-DOS: Referencia Instantánea |
| 260 | |a Mexico |b Macrobit |c 1989 | ||
| 300 | |a 177 p. :il. | ||
| 650 | 7 | |a INVESTIGACION OPERATIVA | |
| 942 | |c BK |2 ddc | ||
| 991 | |a TEXTO | ||
| 999 | |c 10512 | ||